000 004580000a22001810004500
003 MACL
005 20150916103706.0
008 150916b xxu||||| |||| 00| 0 eng d
040 _aMACL
_cMACL
041 _aEnglish
082 _a823/SIT
100 _aSitesh Aruna
_911382
245 _aGlimpses: The Modern Indian Short Story
260 _bEast West Press Pvt. Ltd.
_c1992
_aNew Delhi
350 _a95
650 _aFicition
_911383
942 _cBK
_k823
_2ddc
999 _c3780
_d3780